000 00320nam a2200121Ia 4500
005 20251222154317.0
008 251222s9999||||xx |||||||||||||| ||spa||
082 _aREF.032/H17/T.3
100 _aHalsey, William D.
245 0 _aCollier's Encyclopedia:
264 _bThe Crowell-Collier Publishing Company
942 _cLIB
999 _c33643
_d33643